000 00652nam a22002177a 4500
003 UA-OsUOA
001 45816
007 ta
008 20070516b un ||||| |||| 00| 0 ukr d
090 _a821.161.2:268
_bХ91
942 _cBK
040 _aUA-OsUOA
_bukr
_cUA-OsUOA
_dUA-OsUOA
245 _aХрестоматія художніх творів із курсу "Основи християнської етики"
_b5 клас
300 _a264 с.
955 _a3
041 _aukr
080 _a821.161.2:268
260 _aОстрог
_c2007
650 7 _a82 Література. Літературознавство
_2UDC
999 _c331917
_d331917